| 000 | 00652nam a2200241Ia 4500 | ||
|---|---|---|---|
| 003 | OSt | ||
| 005 | 20221005065752.0 | ||
| 006 | a|||||r|||| 00| 0 | ||
| 007 | ta | ||
| 008 | 221004b |||||||| |||| 00| 0 rus d | ||
| 024 | _a122518 | ||
| 037 |
_bGift, 29/10/2012, _cTextual |
||
| 040 |
_aCRL _cCRL _brus |
||
| 041 |
_2rus _arus |
||
| 082 | _aO142,2M68x, 111L5 | ||
| 100 | _aGorky Maxim | ||
| 245 | 0 | _aPlays | |
| 260 |
_aMoscow _bProgress Pub Russia _c1975 |
||
| 300 |
_a373p. _ccm. |
||
| 650 | _aRUSSIAN LITERATURE | ||
| 942 |
_hO142,2M68x, 111L5 _cTEXL _2cc |
||
| 999 |
_c975140 _d975140 |
||